Governent accounting and financial control : (Record no. 12902)

MARC details
000 -LEADER
fixed length control field 00629nam a2200205Ia 4500
008 - FIXED-LENGTH DATA ELEMENTS--GENERAL INFORMATION
fixed length control field 210303s9999 xx 000 0 und d
016 ## - NATIONAL BIBLIOGRAPHIC AGENCY CONTROL NUMBER
Source retro2021
020 ## - INTERNATIONAL STANDARD BOOK NUMBER
ISBN 978029242x
040 ## - CATALOGING SOURCE
Original cataloging agency NLN
Language of cataloging English
Description conventions AACR2
100 ## - MAIN ENTRY--AUTHOR
Author OSHISAMI, Kolade
Relator term aut
245 #0 - TITLE STATEMENT
Title Governent accounting and financial control :
Remainder of title principles and practice /
Statement of responsibility, etc Kolade Oshisami
260 ## - PUBLICATION, DISTRIBUTION, ETC. (IMPRINT)
Place of publication Ibadan, Oyo State :
Name of publisher Spectrum House,
Date of publication 1992
300 ## - COLLATION
Pagination x, 231p. :
Other physical details ill. ; 23cm
563 ## - BINDING INFORMATION
Binding note (pbk)
650 ## - TRACINGS
Main Subject Finance, Public
Subdivision (1st) Nigeria
650 ## - TRACINGS
Main Subject Accounting
942 ## - ADDED ENTRY ELEMENTS (KOHA)
Item type Books
050 ## - LIBRARY OF CONGRESS CALL NUMBER
Classification number HJ9929.N685
Item number O82
082 ## - DEWEY DECIMAL CLASSIFICATION NUMBER
Classification number 352.430966
Holdings
Source of classification or shelving scheme Not for loan Home library Current library Date acquired Full call number Barcode. Koha item type
Library of Congress Classification   IBADAN BRANCH LIBRARY National Library of Nigeria 04/03/2021 HJ9929.N685 O82 2023-1011425841 Books

National Library of Nigeria OPAC is powered by Koha